000 01734nam2a2200385 4500
001 RU\NLR\bibl\274502
005 20250620133839.0
010 _a5-7406-0480-X
_9500
021 _aRU
_b2001-67332
_93280
035 _a(NLR Aleph) 000270025
090 _a1578742
_c1578742
100 _a20020530d2001 |||y0rusy50 ca
101 0 _arus
102 _aRU
105 _aa |||||||||
200 0 _aВып. 3
_eВ 3 кн.
_hкн. 1
_iЭкономика
210 _d2001
_aБ. м.
215 _a511,[1] с.
_cил.
320 _aБиблиогр. в примеч.: с. 468-486
320 _aУказ. имен: с. 496-498
320 _aУказ. геогр. назв.: с. 499-500
320 _aПредм.-темат. указ.: с. 504-505
461 0 _1001RU\NLR\bibl\289919
_12001#$aСамая западная$vВып. 3
_91670088
_cКалининград
_d2001
_e[3-е изд.]
_fКом. по делам арх. Администрации Калинингр. обл., Гос. арх. Калинингр. обл., Европ. фонд Диалог
_nЯнтар. сказ
_oКалинингр. обл. в документах и материалах за 1962-1985 гг.
_tСамая западная
_vВып. 3
610 0 _aКалининградская область - Экономическая история
610 0 _aКалининградская область - История
610 0 _aКалининградская обл., экономика
675 _a338(470.26)
_v3
_zrus
686 _a06.75
_2rugasnti
686 _a65.9(2Рос)
_2rubbk
801 0 _aRU
_bRKP
_c20020530
_gPSBO
801 1 _aRU
_bRKP
_c20020530
801 2 _aRU
_bNLR
_c20020724
_grcr
942 _cBOOK
980 _aNB